Učitavanje...

Khidkiyam

Bibliografski detalji
Glavni autor: Damodar khadse
Format: Printed Book
Jezik:Undetermined
Izdano: NewDelhi : Vani Prakashan, 2018
Teme:
LEADER 00405nam a2200133Ia 4500
008 200324s9999 xx 000 0 und d
082 |a 8H3  |b DAM-K 
100 |a Damodar khadse 
245 0 |a Khidkiyam 
260 |a NewDelhi :  |b Vani Prakashan,  |c 2018 
650 |a Novel 
942 |c BK 
999 |c 289394  |d 289394 
952 |0 0  |1 0  |4 0  |6 8H3_DAMK  |7 0  |9 307928  |a SDE  |b SDE  |d 2019-03-14  |l 0  |o 8H3 DAM-K  |p SDE25762  |r 2020-03-27  |w 2020-03-27  |y BK